NBA MVPs by Year - Statistics

General Stats
  • This quiz has been taken 538 times
    343 since last reset
  • The average score is 49 of 70
Answer Stats
Year Player % Correct
2024 Nikola Jokic
87%
2023 Joel Embiid
84%
2022 Nikola Jokic
84%
2025 Shai Gilgeous-Alexander
83%
2021 Nikola Jokic
82%
2015 Stephen Curry
82%
2016 Stephen Curry
82%
2011 Derrick Rose
81%
2018 James Harden
80%
2014 Kevin Durant
80%
2008 Kobe Bryant
80%
2012 Lebron James
80%
2013 Lebron James
80%
2017 Russell Westbrook
80%
2006 Steve Nash
78%
2020 Giannis Antetokounmpo
77%
2009 Lebron James
77%
2010 Lebron James
77%
2005 Steve Nash
77%
2001 Allen Iverson
76%
1991 Michael Jordan
76%
1996 Michael Jordan
76%
2007 Dirk Nowitzki
75%
2019 Giannis Antetokounmpo
75%
1992 Michael Jordan
75%
1998 Michael Jordan
75%
2000 Shaquille O'Neal
75%
2002 Tim Duncan
75%
2003 Tim Duncan
75%
1994 Hakeem Olajuwon
74%
1957 Bob Cousy
73%
1997 Karl Malone
73%
1956 Bob Pettit
72%
1999 Karl Malone
72%
2004 Kevin Garnett
72%
1993 Charles Barkley
71%
1989 Magic Johnson
71%
1990 Magic Johnson
71%
1985 Larry Bird
70%
1986 Larry Bird
70%
1984 Larry Bird
69%
1987 Magic Johnson
69%
1988 Michael Jordan
69%
1995 David Robinson
67%
1963 Bill Russell
66%
1958 Bill Russell
65%
1962 Bill Russell
65%
1980 Kareem Abdul-Jabbar
64%
1961 Bill Russell
63%
1965 Bill Russell
63%
1971 Kareem Abdul-Jabbar
63%
1983 Moses Malone
63%
1959 Bob Pettit
62%
1972 Kareem Abdul-Jabbar
62%
1976 Kareem Abdul-Jabbar
62%
1982 Moses Malone
62%
1966 Wilt Chamberlain
62%
1967 Wilt Chamberlain
62%
1968 Wilt Chamberlain
62%
1974 Kareem Abdul-Jabbar
61%
1977 Kareem Abdul-Jabbar
61%
1981 Julius Erving
60%
1964 Oscar Robertson
58%
1960 Wilt Chamberlain
57%
1969 Wes Unseld
54%
1978 Bill Walton
52%
1973 Dave Cowens
51%
1979 Moses Malone
51%
1975 Bob McAdoo
50%
1970 Willis Reed
50%
No matching quizzes found
Score Distribution
Percent of People with Each Score
Percentile by Number Answered
Your Score History
You have not taken this quiz since the last reset